00598nam a2200181 i 450000100060000000300090000600500170001500700030003200800410003510000290007624501360010526000480024130000210028949000240031071000270033483000240036185200310038527036ES-MaACL20250817062547.0t|030113s1981 sp ||||1| spa d1 aArribas Moreno, Antonio.10aDistribución geoquímica de los elementos en trazas de los yacimientos españoles del tipo B.G.P.C. / cAntonio Arribas Moreno. aMadrid : bFundación Juan March, c[1981] a54 p. ; c21 cm.1 aSerie universitaria2 aFundación Juan March0 aSerie universitaria aES-MaACLjL-686 bR.101426